| 000 | 00348nam a22001457a 4500 | ||
|---|---|---|---|
| 003 | OSt | ||
| 008 | 250110b |||||||| |||| 00| 0 eng d | ||
| 041 | _aeng | ||
| 082 |
_a519.062 _bGRE/HI |
||
| 100 |
_aGrewal, BS _96917 |
||
| 245 | _aHigher Engineering Mathematics | ||
| 250 | _a15th | ||
| 260 |
_aDelhi: _bKhanna Publishers, _c1985. |
||
| 942 | _cBK | ||
| 999 |
_c19009 _d19009 |
||